Online Catalogue and eLibrary

The Buddha-Dhamma : (Record no. 923)

MARC details
000 -LEADER
fixed length control field 00436nam a2200169Ia 4500
005 - DATE AND TIME OF LATEST TRANSACTION
control field 20240726070608.0
008 - FIXED-LENGTH DATA ELEMENTS--GENERAL INFORMATION
fixed length control field 240331s9999 xx 000 0 und d
082 ## - DDC Classification
Class No. 294.3
Item Number - Author Mark NAR
100 ## - MAIN ENTRY--PERSONAL NAME
Personal name Narada thera,
245 #4 - TITLE STATEMENT
Title The Buddha-Dhamma :
Remainder of title the life Teachings of the Buddha
260 ## - PUBLICATION, DISTRIBUTION, ETC.
Place of publication, distribution, etc. New Delhi
Name of publisher, distributor, etc. Asian Educational Services
Date of publication, distribution, etc. 1991
300 ## - PHYSICAL DESCRIPTION
Extent (e.g. Volumes, Pages etc.) vi, 337 p .,
650 ## - SUBJECT ADDED ENTRY--TOPICAL TERM
Topical term or geographic name entry element Buddhism
650 ## - SUBJECT ADDED ENTRY--TOPICAL TERM
Topical term or geographic name entry element Rituals
650 ## - SUBJECT ADDED ENTRY--TOPICAL TERM
Topical term or geographic name entry element Law
942 ## - Koha item type (Biblio)
Koha item type Books in Stacks (Lending)
Holdings
Lost status Damaged status Collection code Home library Current library Shelving location Date acquired Full call number Accession Number Item type
    Lending WERC Library WERC Library Social Science Cupboard 03/31/2024 294.3 NAR 625 Books in Stacks (Lending)

© WERC Library